000 00817nam a2200289 a 4500
003 AR-BaBNM
005 20251128210139.0
008 082120s2002 ||||||||||||||000 | spa||
040 _cAR-BaBNM
100 1 _aAzcuy, Eduardo A.
245 0 0 _aPosmodernidad, cultura y polĂ­tica
_bentrevistas al autor de Armando Almada Roche y Luis Mainelli
260 _aBuenos Aires
_bCELA
_c1989
300 _a36 p.
490 0 _aEnsayos breves
_vv. 24
650 4 _aFILOSOFIA CONTEMPORANEA
650 4 _aSOCIOLOGIA CULTURAL
650 4 _aSOCIOLOGIA POLITICA
650 4 _aDEMOCRACIA
650 4 _aFILOSOFIA POLITICA
653 _aMODERNIDAD
653 _aPOSMODERNIDAD
700 1 _aAlmada Roche, Armando
700 1 _aMainelli, Luis
800 1 _aAzcuy, Eduardo A.
_edirector
942 _cBK
998 _cMARTIN
999 _c14249
_d14249